Občanský zákoník podle stavu k 1.9.1994

Guardado en:
Detalles Bibliográficos
Formato: Libro
Lenguaje:checo
Publicado: Ostrava SAGIT 1994
Edición:1. vyd.
Colección:Úplné znění č. 22
Etiquetas: Agregar Etiqueta
Sin Etiquetas, Sea el primero en etiquetar este registro!

MARC

LEADER 00000nam a2200000 4500
001 c010092
005 20260116073024.7
041 0 |a cze 
044 |a CZ 
245 1 0 |a Občanský zákoník  |b podle stavu k 1.9.1994 
250 |a 1. vyd. 
264 1 |a Ostrava  |b SAGIT  |c 1994 
300 |a 64 s. 
490 1 |a Úplné znění  |v č. 22 
830 0 |a Úplné znění  |v č. 22